LEADER 01221nam a2200289 a 4500 001 000000125460 003 CaOOAMICUS 005 20110525142530.0 008 110525s2010 gw d u000 u ger r 020 $a978-3-16-150284-2 040 $aPUL$bita 100 1 $aTheobald, Michael.$0(OLS)http://pul/name/49313 245 10$aStudien zum Corpus Iohanneum /$cMichael Theobald. 260 $aTübingen :$bMohr Siebeck,$cİ2010. 300 $aXI, 730 p. :$bgrafici ;$c24 cm 490 1 $aWissenschaftliche Untersuchungen zum Neuen Testament ;$v267 500 $aInclude indice. 504 $aBibliografia in nota. 630 04$aBiblia.$pN.T.$pIohannes$xCritica e interpretazione.$0(OLS)http://pul/subject/37920 830 0$aWissenschaftliche Untersuchungen zum Neuen Testament ;$v267.$0(OLS)http://pul/title/8628 850 $aPUL 852 $aPUL$W1$xSL Religione 1$y3$m16 H 267$j144490$qStampati$B143518$CPULBib$Z2$F143518 $H117122 $82 941 1 $a8 996 $6020$a978-3-16-150284-2$9(OLS)http://pul/number/147313 996 $6245$aStudien zum Corpus Iohanneum$9(OLS)http://pul/title/158199 996 $6260$aTübingen :$bMohr Siebeck$9(OLS)http://pul/publisher/52004 LEADER 01724nam a2200337 a 4500 001 000000175039 003 CaOOAMICUS 005 20220314122848.0 008 220314s2020 nyudea 000 u eng r 020 $a978-92-1-113004-1* 032 $aLibriCat 040 $aPUL$bita 082 04$a338.9 245 00$aEconomic development in Africa. Report 2021:$breaping the potential benefits of the african continental free trade area for inclusive growth /. 260 $aNew York :$bUnited Nations Publications,$c2021. 300 $aXV, 204 p. :$bgrafici, ill., maps ;$c21 cm 490 1 $aEconomic development in Africa ;$aReport 2021 500 $aSul frontespizio: United Nations, Geneva. 650 4$aEconomia mondiale.$0(OLS)http://pul/subject/19449 650 4$aSviluppo economico$zAfrica.$0(OLS)http://pul/subject/46544 651 4$aAfrica$xEconomia.$0(OLS)http://pul/subject/35867 710 2 $aUnited Nations Conference on Trade and Development (UNCTAD).$0(OLS)http://pul/name/111492 830 0$aEconomic development in Africa ;$vReport 2021.$0(OLS)http://pul/title/216304 850 $aPUL 852 $aPUL$W1$xSL Diritto e Scienze Sociali 3$y79$m338. 9 UNCTAD 4.2$j199342$qDDC 21$B204015$CPULBib$Z2$F204015 $H135445 $82 941 1 $a9 996 $6020$a978-92-1-113004-1*$9(OLS)http://pul/number/168535 996 $6082$a338.9$9(OLS)http://pul/classification/697 996 $6245$aEconomic development in Africa. Report 2021:$breaping the potential benefits of the african continental free trade area for inclusive growth$9(OLS)http://pul/title/216446 996 $6260$aNew York :$bUnited Nations Publications$9(OLS)http://pul/publisher/87464